[Event "CZE-chT2A 1516"]
[Site "Czech Republic"]
[Date "2016.01.24"]
[Round "6.7"]
[White "Soukal, Rudolf"]
[Black "Bujak, Michal"]
[Result "1-0"]
[WhiteElo "2022"]
[BlackElo "2161"]
[PlyCount "67"]
[EventDate "2015.10.18"]
[EventType "team-tourn"]
[EventRounds "11"]
[EventCountry "CZE"]
[SourceTitle "EXT 2022"]
[Source "ChessBase"]
[SourceDate "2021.10.06"]
[SourceVersion "1"]
[SourceVersionDate "2021.10.06"]
[SourceQuality "1"]
[WhiteTeam "Praha Dukla"]
[BlackTeam "Line"]
[WhiteTeamCountry "CZE"]
[BlackTeamCountry "CZE"]

1. e4 e5 2. Nf3 Nc6 3. Bb5 f5 4. Nc3 Nd4 5. Bc4 c6 6. d3 Nf6 7. Nxe5 Qe7 8. Nf3 Nxf3+ 9. Qxf3 d5 10. Bb3 fxe4 11. dxe4 a5 12. Bg5 a4 13. Bxf6 gxf6 14. Bxd5 cxd5 15. Nxd5 Qe5 16. Nxf6+ Kd8 17. Rd1+ Kc7 18. 0-0 Bd6 19. g3 Rf8 20. Nd5+ Kb8 21. Qd3 Rd8 22. c3 Bg4 23. f3 Bh3 24. Rfe1 Ra6 25. Kh1 Rg8 26. f4 Qh5 27. Nf6 Qf7 28. Nxg8 Qxg8 29. Rd2 Qxa2 30. e5 Bc7 31. Qxh7 Qe6 32. Qd3 Rb6 33. Rf2 a3 34. bxa3 1-0

[Event "CZE-chT2A 1415"]
[Site "Czech Republic"]
[Date "2015.04.19"]
[Round "11.5"]
[White "Soukal, Rudolf"]
[Black "Hurdzan, Tomas"]
[Result "0-1"]
[WhiteElo "2056"]
[BlackElo "1946"]
[PlyCount "76"]
[EventDate "2014.11.02"]
[EventType "team-tourn"]
[EventRounds "11"]
[EventCountry "CZE"]
[SourceTitle "EXT 2022"]
[Source "ChessBase"]
[SourceDate "2021.10.06"]
[SourceVersion "1"]
[SourceVersionDate "2021.10.06"]
[SourceQuality "1"]
[WhiteTeam "Praha Dukla"]
[BlackTeam "Klatovy"]
[WhiteTeamCountry "CZE"]
[BlackTeamCountry "CZE"]

1. e4 c5 2. Nc3 Nc6 3. g3 g6 4. Bg2 Bg7 5. d3 d6 6. Nge2 e6 7. 0-0 Nge7 8. Be3 Nd4 9. Nf4 Rb8 10. Qd2 b5 11. Nd1 e5 12. Nd5 Nxd5 13. exd5 Nf5 14. c3 0-0 15. a4 b4 16. Be4 Nxe3 17. fxe3 f5 18. Bg2 Qg5 19. Qf2 bxc3 20. Nxc3 Ba6 21. Nb5 Qe7 22. Ra2 Bxb5 23. axb5 Rxb5 24. Rfa1 Ra8 25. Bf1 Rb4 26. Bg2 Qb7 27. e4 fxe4 28. dxe4 h5 29. Qe2 a5 30. h4 Rb8 31. Rb1 a4 32. Qe3 Kh7 33. g4 hxg4 34. Qg5 Bh6 35. Qxg4 Qf7 36. Rf1 Bf4 37. Rfa1 Rxb2 38. Rxa4 Rb1+ 0-1

[Event "CZE-chT2A 1415"]
[Site "Czech Republic"]
[Date "2015.02.08"]
[Round "7.6"]
[White "Kopriva, Martin"]
[Black "Soukal, Rudolf"]
[Result "1-0"]
[WhiteElo "1889"]
[BlackElo "2056"]
[PlyCount "79"]
[EventDate "2014.11.02"]
[EventType "team-tourn"]
[EventRounds "11"]
[EventCountry "CZE"]
[SourceTitle "EXT 2022"]
[Source "ChessBase"]
[SourceDate "2021.10.06"]
[SourceVersion "1"]
[SourceVersionDate "2021.10.06"]
[SourceQuality "1"]
[WhiteTeam "Plzen Letna"]
[BlackTeam "Praha Dukla"]
[WhiteTeamCountry "CZE"]
[BlackTeamCountry "CZE"]

1. e4 c5 2. Nf3 e6 3. d4 cxd4 4. Nxd4 a6 5. Bd3 Qc7 6. 0-0 Nf6 7. Nc3 b5 8. Kh1 Bb7 9. f3 d6 10. Be3 Nbd7 11. Qe1 Rc8 12. a3 Ne5 13. Rd1 Nc4 14. Bxc4 Qxc4 15. Nb3 Ba8 16. Bb6 Qc6 17. Qe3 Nd7 18. Nd5 Nxb6 19. Nxb6 Rb8 20. Nd5 Be7 21. Nxe7 Kxe7 22. Qg5+ Kf8 23. Rd3 h6 24. Qg3 Rd8 25. Rc3 Qb6 26. Rd1 a5 27. Rcd3 d5 28. e5 Rc8 29. Nd4 Kg8 30. f4 Rc4 31. Qg4 Kh7 32. b3 Rc7 33. Rg3 g6 34. Rh3 Rhc8 35. Qg5 h5 36. Qf6 Qc5 37. f5 Qe7 38. fxg6+ fxg6 39. Nxe6 Qxf6 40. exf6 1-0

[Event "CZE-chT2A 1415"]
[Site "Czech Republic"]
[Date "2015.01.25"]
[Round "6.7"]
[White "Misicko, Jan"]
[Black "Soukal, Rudolf"]
[Result "1-0"]
[WhiteElo "2036"]
[BlackElo "2056"]
[PlyCount "75"]
[EventDate "2014.11.02"]
[EventType "team-tourn"]
[EventRounds "11"]
[EventCountry "CZE"]
[SourceTitle "EXT 2022"]
[Source "ChessBase"]
[SourceDate "2021.10.06"]
[SourceVersion "1"]
[SourceVersionDate "2021.10.06"]
[SourceQuality "1"]
[WhiteTeam "Kladno"]
[BlackTeam "Praha Dukla"]
[WhiteTeamCountry "CZE"]
[BlackTeamCountry "CZE"]

1. c4 Nf6 2. g3 e6 3. Bg2 d5 4. Nf3 c6 5. 0-0 Nbd7 6. b3 Bd6 7. Bb2 0-0 8. d3 Re8 9. Qc2 e5 10. cxd5 Nxd5 11. Nbd2 Bc7 12. a3 Nf8 13. Rfd1 Qe7 14. Rac1 Bg4 15. h3 Bh5 16. b4 Rac8 17. e4 Nb6 18. Nc4 Nbd7 19. Rd2 f6 20. d4 exd4 21. Nxd4 Bf7 22. Nf5 Qe6 23. Ncd6 Nb6 24. Nxe8 Rxe8 25. Ne3 h5 26. b5 h4 27. g4 Bf4 28. bxc6 Bxe3 29. fxe3 bxc6 30. Qxc6 Qxc6 31. Rxc6 Nc4 32. Re2 Rb8 33. Bd4 Nxa3 34. e5 Rb1+ 35. Kf2 fxe5 36. Bxe5 Nc4 37. Bd4 Ng6 38. Be4 1-0

[Event "CZE-chT2A 1415"]
[Site "Czech Republic"]
[Date "2014.12.14"]
[Round "4.6"]
[White "Dvorak, Jan"]
[Black "Soukal, Rudolf"]
[Result "1-0"]
[WhiteElo "2197"]
[BlackElo "2056"]
[PlyCount "94"]
[EventDate "2014.11.02"]
[EventType "team-tourn"]
[EventRounds "11"]
[EventCountry "CZE"]
[SourceTitle "EXT 2022"]
[Source "ChessBase"]
[SourceDate "2021.10.06"]
[SourceVersion "1"]
[SourceVersionDate "2021.10.06"]
[SourceQuality "1"]
[WhiteTeam "Praha Kobylisy"]
[BlackTeam "Praha Dukla"]
[WhiteTeamCountry "CZE"]
[BlackTeamCountry "CZE"]

1. d4 d5 2. c4 e6 3. Nc3 Nf6 4. cxd5 exd5 5. Bg5 Be7 6. e3 c6 7. Bd3 Nbd7 8. Qc2 h6 9. Bh4 0-0 10. Nf3 Re8 11. 0-0 Ne4 12. Bxe7 Qxe7 13. Bxe4 dxe4 14. Nd2 Nf6 15. Rfc1 Bf5 16. Na4 Nd5 17. a3 Rad8 18. Nf1 Rd6 19. Nc3 Nc7 20. Ne2 h5 21. Qc5 Bg4 22. Nc3 b6 23. Qb4 Rg6 24. Qxe7 Rxe7 25. Kh1 h4 26. h3 Be6 27. Nd2 Bd5 28. Rc2 f5 29. Rac1 Ne6 30. Nxd5 cxd5 31. Rc8+ Kh7 32. f4 Rh6 33. Nb1 g5 34. fxg5 Rg6 35. Nc3 Rd7 36. Ne2 Rxg5 37. Rf1 Kg7 38. Re8 Nc7 39. Rc8 Ne6 40. Re8 Kf7 41. Rh8 Rc7 42. Nc3 f4 43. Rh7+ Ng7 44. Rxf4+ Kg8 45. Rfxh4 Rg3 46. Rh8+ Kf7 47. Kh2 Rxe3 1-0

[Event "CZE-chT2B 1011"]
[Site "Czech Republic"]
[Date "2011.02.20"]
[Round "8.6"]
[White "Makevich, Pavel"]
[Black "Soukal, Rudolf"]
[Result "1-0"]
[WhiteElo "2057"]
[BlackElo "2093"]
[PlyCount "119"]
[EventDate "2010.10.17"]
[EventType "team-tourn"]
[EventRounds "11"]
[EventCountry "CZE"]
[SourceTitle "EXT 2012"]
[Source "ChessBase"]
[SourceDate "2011.11.24"]
[SourceVersion "1"]
[SourceVersionDate "2011.11.24"]
[SourceQuality "1"]
[WhiteTeam "Usti nad Labem"]
[BlackTeam "Praha Dukla"]
[WhiteTeamCountry "CZE"]
[BlackTeamCountry "CZE"]

1. e4 c5 2. Nf3 e6 3. d3 Nc6 4. c3 d5 5. Nbd2 Nf6 6. g3 Be7 7. Bg2 0-0 8. 0-0 Qc7 9. Re1 dxe4 10. dxe4 b6 11. e5 Nd7 12. Qe2 a5 13. Nf1 Bb7 14. Bf4 Rad8 15. Ne3 Rfe8 16. Ng4 Qc8 17. Ng5 Nf8 18. Be4 Ng6 19. h4 Nb8 20. Nxh7 Bxh4 21. gxh4 Nxf4 22. Nh6+ gxh6 23. Qg4+ Kh8 24. Qxf4 Rg8+ 25. Kh2 Bxe4 26. Qxe4 Qc6 27. Nf6 Qxe4 28. Rxe4 Rg7 29. Re2 Rd3 30. Rg1 Rxg1 31. Kxg1 Nd7 32. Ng4 Kg7 33. Kg2 h5 34. Nh2 Kg6 35. Nf1 Rd5 36. f4 Rd3 37. Ne3 a4 38. a3 b5 39. Kf3 Nf8 40. Rg2+ Kh6 41. Ke4 c4 42. f5 Nd7 43. Kf4 Nxe5 44. Rg8 Ng4 45. Nxg4+ hxg4 46. fxe6 fxe6 47. Rh8+ Kg7 48. Rb8 Rd5 49. Kxg4 Kg6 50. Rb6 Re5 51. Kf4 Rf5+ 52. Kg4 Re5 53. h5+ Kh6 54. Kf4 Rf5+ 55. Ke4 Rxh5 56. Rxe6+ Kg7 57. Re5 Rh4+ 58. Ke3 b4 59. axb4 Rh2 60. Ra5 1-0

[Event "CZE-chT2B 1011"]
[Site "Czech Republic"]
[Date "2010.11.07"]
[Round "2.8"]
[White "Blazek, Jaroslav"]
[Black "Soukal, Rudolf"]
[Result "0-1"]
[WhiteElo "1795"]
[BlackElo "2093"]
[PlyCount "122"]
[EventDate "2010.10.17"]
[EventType "team-tourn"]
[EventRounds "11"]
[EventCountry "CZE"]
[SourceTitle "EXT 2012"]
[Source "ChessBase"]
[SourceDate "2011.11.24"]
[SourceVersion "1"]
[SourceVersionDate "2011.11.24"]
[SourceQuality "1"]
[WhiteTeam "Podborany"]
[BlackTeam "Praha Dukla"]
[WhiteTeamCountry "CZE"]
[BlackTeamCountry "CZE"]

1. e4 c5 2. Nc3 e6 3. Nf3 a6 4. d4 cxd4 5. Nxd4 Qc7 6. Bd3 Nf6 7. 0-0 b5 8. Be3 Bb7 9. f3 Bc5 10. Bf2 0-0 11. Nce2 d5 12. exd5 Nxd5 13. c3 Nd7 14. Rc1 Rad8 15. Bb1 Rfe8 16. Qc2 g6 17. Kh1 N7b6 18. Ng3 f5 19. Rfe1 e5 20. Nb3 Bxf2 21. Qxf2 Nc4 22. Nc5 Bc8 23. a3 Nxb2 24. Nxa6 Bxa6 25. Qxb2 Kg7 26. Ba2 Nf4 27. Bb1 Qc5 28. Qb4 Qf2 29. Rg1 h5 30. Rcf1 Qd2 31. Qc5 Rd7 32. Rf2 Qd5 33. Qxd5 Rxd5 34. Rb2 Rc8 35. Rb3 h4 36. Bxf5 gxf5 37. Nxf5+ Kf6 38. Nxh4 Rd3 39. a4 Rdxc3 40. Rxc3 Rxc3 41. axb5 Bxb5 42. g3 Ne2 43. Rb1 Bc6 44. Re1 Rxf3 45. Kg2 Rxg3+ 46. Kf2 Rh3 47. Kxe2 Rxh2+ 48. Ke3 Rxh4 49. Rc1 Bd5 50. Rf1+ Ke6 51. Ra1 Rh3+ 52. Kf2 e4 53. Re1 Ke5 54. Ke2 Kf4 55. Rf1+ Rf3 56. Rc1 e3 57. Rc5 Rf2+ 58. Ke1 Be4 59. Rc4 Ra2 60. Rc1 Bd3 61. Rd1 Re2+ 0-1

[Event "CZE-chT2C 0910"]
[Site "Czech Republic"]
[Date "2010.03.14"]
[Round "9.5"]
[White "Dolensky, Milan"]
[Black "Soukal, Rudolf"]
[Result "1/2-1/2"]
[WhiteElo "2047"]
[BlackElo "2086"]
[PlyCount "33"]
[EventDate "2009.10.18"]
[EventType "team-tourn"]
[EventRounds "11"]
[EventCountry "CZE"]
[SourceTitle "EXT 2011"]
[Source "ChessBase"]
[SourceDate "2010.11.26"]
[SourceVersion "1"]
[SourceVersionDate "2010.11.26"]
[SourceQuality "1"]
[WhiteTeam "Jicin"]
[BlackTeam "Praha Dukla"]
[WhiteTeamCountry "CZE"]
[BlackTeamCountry "CZE"]

1. e4 e5 2. Nf3 Nc6 3. Bb5 a6 4. Bxc6 dxc6 5. 0-0 f6 6. d4 exd4 7. Nxd4 c5 8. Nb3 Qxd1 9. Rxd1 Bd6 10. Be3 b6 11. a4 Bb7 12. Nc3 0-0-0 13. a5 Ne7 14. axb6 cxb6 15. f3 Rhe8 16. Nd2 Bc7 17. Bf2 1/2-1/2

[Event "CZE-chT1W 0607"]
[Site "Czech Republic"]
[Date "2007.04.01"]
[Round "11.5"]
[White "Fraas, Martin"]
[Black "Soukal, Rudolf"]
[Result "1/2-1/2"]
[WhiteElo "2181"]
[BlackElo "2134"]
[PlyCount "57"]
[EventDate "2006.10.29"]
[EventType "team-tourn"]
[EventRounds "11"]
[EventCountry "CZE"]
[SourceTitle "EXT 2009"]
[Source "ChessBase"]
[SourceDate "2008.11.26"]
[SourceVersion "1"]
[SourceVersionDate "2008.11.26"]
[SourceQuality "1"]
[WhiteTeam "Praha Holdia"]
[BlackTeam "Praha Dukla"]
[WhiteTeamCountry "CZE"]
[BlackTeamCountry "CZE"]

1. e4 c5 2. c3 d5 3. exd5 Qxd5 4. d4 e5 5. Nf3 Nc6 6. Nxe5 Nxe5 7. dxe5 Qxe5+ 8. Be3 Nf6 9. Bb5+ Bd7 10. Bxd7+ Nxd7 11. 0-0 0-0-0 12. Nd2 Nb6 13. Qb3 Bd6 14. Nf3 Qh5 15. Rad1 Rd7 16. Rd2 Rhd8 17. Rfd1 h6 18. Qb5 Na8 19. b4 a6 20. Qf1 cxb4 21. cxb4 Qb5 22. Qxb5 axb5 23. a3 Bc7 24. Nd4 Bb6 25. Nxb5 Bxe3 26. Rxd7 Bxf2+ 27. Kxf2 Rxd7 28. Rxd7 Kxd7 29. Ke3 1/2-1/2

[Event "CZE-chT1W 0607"]
[Site "Czech Republic"]
[Date "2007.02.18"]
[Round "8.5"]
[White "Soukal, Rudolf"]
[Black "Chalupa, Ivan"]
[Result "1/2-1/2"]
[WhiteElo "2134"]
[BlackElo "2141"]
[PlyCount "37"]
[EventDate "2006.10.29"]
[EventType "team-tourn"]
[EventRounds "11"]
[EventCountry "CZE"]
[SourceTitle "EXT 2009"]
[Source "ChessBase"]
[SourceDate "2008.11.26"]
[SourceVersion "1"]
[SourceVersionDate "2008.11.26"]
[SourceQuality "1"]
[WhiteTeam "Praha Dukla"]
[BlackTeam "Vysehrad II"]
[WhiteTeamCountry "CZE"]
[BlackTeamCountry "CZE"]

1. e4 c5 2. Nc3 Nc6 3. g3 d6 4. Bg2 g6 5. d3 Bg7 6. Nge2 e6 7. Be3 Nd4 8. 0-0 Ne7 9. Nf4 0-0 10. Qd2 Rb8 11. Nd1 e5 12. Ne2 Bh3 13. c3 Nxe2+ 14. Qxe2 Bxg2 15. Kxg2 Nc6 16. f4 f5 17. Nf2 Qe7 18. Qf3 Qe6 19. Rfe1 1/2-1/2

[Event "CZE-chT1W 0607"]
[Site "Czech Republic"]
[Date "2006.11.12"]
[Round "2.7"]
[White "Soukal, Rudolf"]
[Black "Jarabek, Vratislav"]
[Result "1/2-1/2"]
[WhiteElo "2134"]
[BlackElo "2197"]
[PlyCount "102"]
[EventDate "2006.10.29"]
[EventType "team-tourn"]
[EventRounds "11"]
[EventCountry "CZE"]
[SourceTitle "EXT 2009"]
[Source "ChessBase"]
[SourceDate "2008.11.26"]
[SourceVersion "1"]
[SourceVersionDate "2008.11.26"]
[SourceQuality "1"]
[WhiteTeam "Praha Dukla"]
[BlackTeam "Chrudim"]
[WhiteTeamCountry "CZE"]
[BlackTeamCountry "CZE"]

1. e4 d6 2. d4 Nf6 3. Nc3 c6 4. Nf3 Bg4 5. a3 Nbd7 6. h3 Bh5 7. Qd3 e5 8. g4 Bg6 9. Bg5 Be7 10. Nh4 Qb6 11. 0-0-0 0-0-0 12. Bg2 Ng8 13. Bxe7 Nxe7 14. Ne2 Rhe8 15. f4 f6 16. Qc4 Qb5 17. Qxb5 cxb5 18. Nf5 Bxf5 19. exf5 g6 20. fxg6 hxg6 21. fxe5 dxe5 22. Nc3 exd4 23. Nxb5 Ne5 24. Rxd4 Rxd4 25. Nxd4 Rd8 26. Nb5 a6 27. Nc3 f5 28. Re1 N7c6 29. gxf5 gxf5 30. Nd5 Rg8 31. Nf4 Kc7 32. Rf1 Rg3 33. Bd5 Ne7 34. Be6 Rf3 35. Rxf3 Nxf3 36. Bf7 Kd6 37. Kd1 Ke5 38. Ng2 f4 39. Bh5 Nd4 40. c3 Ndf5 41. Bf3 b6 42. Ke2 Ng6 43. Bb7 a5 44. Ne1 Nd6 45. Nd3+ Kf5 46. Bd5 Ne7 47. Ba2 Ng6 48. Bb1 Kg5 49. Nf2 Ne5 50. b4 Nb5 51. Ne4+ Kh4 1/2-1/2

[Event "Prague-ch 3rd lag"]
[Site "Prague"]
[Date "2006.05.11"]
[Round "5"]
[White "Soukal, Rudolf"]
[Black "Smutny, Jan"]
[Result "0-1"]
[WhiteElo "2155"]
[BlackElo "2171"]
[PlyCount "62"]
[EventDate "2006.04.13"]
[EventType "swiss"]
[EventRounds "7"]
[EventCountry "CZE"]
[SourceTitle "EXT 2008"]
[Source "ChessBase"]
[SourceDate "2007.11.25"]
[SourceVersion "1"]
[SourceVersionDate "2007.11.25"]
[SourceQuality "1"]

1. d4 d5 2. Nf3 e6 3. Bf4 Bd6 4. Bg3 f5 5. Be5 Nf6 6. e3 0-0 7. Bd3 Nbd7 8. Bxd6 cxd6 9. 0-0 b6 10. Nfd2 Bb7 11. f3 Kh8 12. Nc3 a6 13. Qe1 b5 14. Qh4 Rg8 15. Qh3 g5 16. g4 f4 17. exf4 gxf4 18. Ne2 e5 19. Bf5 Nf8 20. Kh1 Bc8 21. Rg1 Rg5 22. Rae1 Ra7 23. c3 Rag7 24. Bxc8 Qxc8 25. Qf1 Ng6 26. Qf2 e4 27. fxe4 Nxg4 28. Qf3 dxe4 29. Nxe4 Nxh2 30. Kxh2 Nh4 31. Qxf4 Rg2+ 0-1

[Event "Prague-ch 3rd lag"]
[Site "Prague"]
[Date "2006.04.25"]
[Round "3"]
[White "Soural, Jan"]
[Black "Soukal, Rudolf"]
[Result "1-0"]
[WhiteElo "2171"]
[BlackElo "2155"]
[PlyCount "59"]
[EventDate "2006.04.13"]
[EventType "swiss"]
[EventRounds "7"]
[EventCountry "CZE"]
[SourceTitle "EXT 2008"]
[Source "ChessBase"]
[SourceDate "2007.11.25"]
[SourceVersion "1"]
[SourceVersionDate "2007.11.25"]
[SourceQuality "1"]

1. d4 d5 2. Nf3 c6 3. e3 Bf5 4. c4 e6 5. Nc3 Nd7 6. Be2 Bd6 7. 0-0 h6 8. b3 Ngf6 9. Bb2 Qe7 10. Re1 g5 11. a3 Rd8 12. b4 Bb8 13. b5 cxb5 14. cxd5 exd5 15. Qb3 g4 16. Nh4 Be6 17. Qxb5 Qd6 18. g3 Qb6 19. a4 a6 20. Qd3 Rc8 21. Rab1 Qa5 22. Nf5 Rg8 23. Nh4 Bd6 24. e4 Bb4 25. Rec1 Kf8 26. e5 Ne8 27. Qh7 Bxc3 28. Ba3+ Nc5 29. dxc5 Rxc5 30. Rb5 1-0

[Event "Klatovy op-A"]
[Site "Klatovy"]
[Date "2005.07.06"]
[Round "5"]
[White "Hacaperka, Michal"]
[Black "Soukal, Rudolf"]
[Result "0-1"]
[WhiteElo "1915"]
[BlackElo "2162"]
[PlyCount "66"]
[EventDate "2005.07.02"]
[EventType "swiss"]
[EventRounds "9"]
[EventCountry "CZE"]
[SourceTitle "CBM 107 Extra"]
[Source "ChessBase"]
[SourceDate "2005.09.01"]
[SourceVersion "1"]
[SourceVersionDate "2005.09.01"]
[SourceQuality "1"]

1. e4 d5 2. exd5 Nf6 3. Bb5+ Bd7 4. Be2 Nxd5 5. d4 Bf5 6. a3 e6 7. Nf3 Be7 8. c4 Nf6 9. Qb3 Nc6 10. Qxb7 Be4 11. d5 Na5 12. Qb5+ c6 13. Qa4 exd5 14. Nc3 0-0 15. Nxe4 Nxe4 16. Ne5 Bc5 17. 0-0 Bd4 18. Nf3 Bf6 19. Rb1 Rb8 20. b4 Nc3 21. Qc2 Nxb1 22. Qxb1 Nxc4 23. Bf4 Rb7 24. Qb3 Nd6 25. Rc1 Qe8 26. Ba6 Rd7 27. Rxc6 Ne4 28. Rc1 Qe6 29. Bb5 Rb7 30. Bd3 Rd8 31. Re1 Qf5 32. Bb1 Qxf4 33. g3 Qg4 0-1

[Event "Klatovy op-A"]
[Site "Klatovy"]
[Date "2005.07.02"]
[Round "1"]
[White "Paldus, Petr"]
[Black "Soukal, Rudolf"]
[Result "1-0"]
[WhiteElo "2077"]
[BlackElo "2162"]
[PlyCount "59"]
[EventDate "2005.07.02"]
[EventType "swiss"]
[EventRounds "9"]
[EventCountry "CZE"]
[SourceTitle "CBM 107 Extra"]
[Source "ChessBase"]
[SourceDate "2005.09.01"]
[SourceVersion "1"]
[SourceVersionDate "2005.09.01"]
[SourceQuality "1"]

1. e4 e5 2. Nf3 Nc6 3. Bb5 f5 4. d4 fxe4 5. Nxe5 Nxe5 6. dxe5 c6 7. Bc4 d5 8. exd6 Qxd6 9. Qxd6 Bxd6 10. Nc3 Nf6 11. h3 h5 12. Be3 Bf5 13. 0-0-0 Ke7 14. Rhe1 b5 15. Bb3 a5 16. a4 b4 17. Ne2 c5 18. Ng3 Bg6 19. Bg5 Bxg3 20. fxg3 Rad8 21. Bd5 Rhe8 22. Bxe4 Rxd1+ 23. Kxd1 Bxe4 24. Rxe4+ Kd7 25. Rxe8 Kxe8 26. Bxf6 gxf6 27. Ke2 Ke7 28. Kf3 Ke6 29. g4 hxg4+ 30. Kxg4 1-0